000 01078cam a2200301 a 4500
999 _c4502
_d4502
001 (Sirsi) a821263
003 OSt
005 20250226085207.0
008 140521s2014 enka c 001 0 eng d
020 _a9781783250257 (hard)
020 _a1783250259 (hard)
040 _aTT
_beng
_cTAE
_dKH8
042 _anbic
082 0 _a573.76 LOW
100 1 _aMcGowan-Lowe, Jake,
_eauthor.
245 1 0 _aJake's bones /
_cJake McGowan-Lowe ; consultant: Paolo Viscardi.
260 _aLondon :
_bTicktock,
_c2014.
300 _a64 p. :
_bill. (some col.) ;
_c30 cm.
500 _aIncludes index.
500 _a"My guide to the brilliant world of animal bones and skeletons"--Cover.
520 _aPresents information about animal bones and animal-bone collecting, featuring specimens from the young author's collection.
521 1 _a9-12.
650 0 _aBones
_vJuvenile literature.
650 0 _aBones
_xCollection and preservation
_vJuvenile literature.
650 0 _aChild collectors
_vJuvenile literature.
700 1 _aViscardi, Paolo,
_econsultant.
942 _2ddc
_cNFIC